For Martine: ATPs in Nanterre, among other places (notice n° 1725931)

détails MARC
000 -LEADER
fixed length control field 00881cam a2200157 4500500
005 - DATE AND TIME OF LATEST TRANSACTION
control field 20260322002719.0
041 ## - LANGUAGE CODE
Language code of text/sound track or separate title fre
042 ## - AUTHENTICATION CODE
Authentication code dc
100 10 - MAIN ENTRY--PERSONAL NAME
Personal name Augustins, Georges
Relator term author
245 00 - TITLE STATEMENT
Title For Martine: ATPs in Nanterre, among other places
260 ## - PUBLICATION, DISTRIBUTION, ETC.
Date of publication, distribution, etc. 2024.<br/>
500 ## - GENERAL NOTE
General note 77
520 ## - SUMMARY, ETC.
Summary, etc. This article presents the various attempts made to establish an independent orthodox Church in the early 20th century in Ukraine. The author analyzes the sowjet government’s policies toward the Church and the role of the latter in the Ukrainians’ social and cultural life. Lastly she examines the present state of the Church and the various expressions of “folk orthodoxy”.
786 0# - DATA SOURCE ENTRY
Note Ethnologie française | 54 | 3 | 2024-11-15 | p. 129-132 | 0046-2616
856 41 - ELECTRONIC LOCATION AND ACCESS
Uniform Resource Identifier <a href="https://shs.cairn.info/journal-ethnologie-francaise-2024-3-page-129?lang=en&redirect-ssocas=7080">https://shs.cairn.info/journal-ethnologie-francaise-2024-3-page-129?lang=en&redirect-ssocas=7080</a>

Pas d'exemplaire disponible.

PLUDOC

PLUDOC est la plateforme unique et centralisée de gestion des bibliothèques physiques et numériques de Guinée administré par le CEDUST. Elle est la plus grande base de données de ressources documentaires pour les Étudiants, Enseignants chercheurs et Chercheurs de Guinée.

Adresse

627 919 101/664 919 101

25 boulevard du commerce
Kaloum, Conakry, Guinée

Réseaux sociaux

Powered by Netsen Group @ 2025